000
00218nam a22000857a 4500
008
161220b xxu||||| |||| 00| 0 eng d
100
_9
2151
_a
Aggarwal.M.L.
245
_a
CCE Mathematics-Q.B.-X
260
_a
New Delhi
_b
APC
_c
2010
999
_c
5039
_d
5039